Central Library || Chittagong University

Essentials of meterology : an invitation to the atmosphere / (Record no. 109560)

MARC details
000 -LEADER
fixed length control field 00650nam a22002177a 4500
003 - CONTROL NUMBER IDENTIFIER
control field BD-ChCU
005 - DATE AND TIME OF LATEST TRANSACTION
control field 20251118123740.0
008 - FIXED-LENGTH DATA ELEMENTS--GENERAL INFORMATION
fixed length control field 251118b uk ||||| |||| 00| 0 eng d
020 ## - INTERNATIONAL STANDARD BOOK NUMBER
International Standard Book Number 9781337276108
040 ## - CATALOGING SOURCE
Transcribing agency BD-ChCU
082 ## - DEWEY DECIMAL CLASSIFICATION NUMBER
Edition number 23
Classification number 551.5 A287m
100 ## - MAIN ENTRY--PERSONAL NAME
Personal name Ahrens, C. Donald
9 (RLIN) 16373
245 ## - TITLE STATEMENT
Title Essentials of meterology : an invitation to the atmosphere /
Statement of responsibility, etc. C. Donald Ahrens and Robert Henson
250 ## - EDITION STATEMENT
Edition statement 8th ed.
260 ## - PUBLICATION, DISTRIBUTION, ETC.
Place of publication, distribution, etc. UK :
Name of publisher, distributor, etc. cengage Learning,
Date of publication, distribution, etc. c2018
300 ## - PHYSICAL DESCRIPTION
Extent 509p.
505 ## - FORMATTED CONTENTS NOTE
Formatted contents note Includes index & Glossary
650 #0 - SUBJECT ADDED ENTRY--TOPICAL TERM
Topical term or geographic name entry element Meteorology
9 (RLIN) 16376
700 ## - ADDED ENTRY--PERSONAL NAME
Personal name Henson, Robert
Relator term Jt. Author
9 (RLIN) 16377
942 ## - ADDED ENTRY ELEMENTS (KOHA)
Source of classification or shelving scheme Dewey Decimal Classification
Koha item type Books
Suppress in OPAC No
Holdings
Withdrawn status Lost status Source of classification or shelving scheme Damaged status Not for loan Home library Current library Shelving location Date acquired Source of acquisition Total Checkouts Full call number Barcode Date last seen Copy number Price effective from Koha item type
    Dewey Decimal Classification     Chittagong University Library Chittagong University Library Science Reading Room 11/18/2025 Purchase   551.5 A287m 343035 11/18/2025 C-1 11/18/2025 Books
    Dewey Decimal Classification     Chittagong University Library Chittagong University Library Science Reading Room 11/18/2025 Purchase   551.5 A287m 343036 11/18/2025 C-2 11/18/2025 Books
© Copyright 2025. Chittagong University Library, Installation and Maintenance by Prof. Dr. Md. Alamgir, 01711306253